000 00704nam a2200217 4500
001 121891
003 ES-MaACL
005 20251009173352.0
007 t|
008 070214m19261928sp r ||||1| cat d
100 0 _aPlutarco
_992678
245 1 0 _aVides paralleles /
_cPlutarco ; text i traducció de Carles Riba.
260 _aBarcelona :
_bFundació Bernat Metge,
_c1926-28.
300 _a7 v. ;
_c22 cm.
490 1 _aEscriptors grecs (Fundació Bernat Metge
700 1 _aRiba, Carles,
_d1893-1959
_996698
710 2 _aFundació Bernat Metge.
_94201
830 0 _aEscriptors grecs (Fundació Bernat Metge
_9218794
852 _aES-MaACL
_jE-3497-3503
999 _c121891
_d121891